[Event "BEL-chT 2122"]
[Site "Belgium"]
[Date "2021.10.24"]
[Round "1.7"]
[White "Adriaens, Peter"]
[Black "De Hert, Oliver"]
[Result "1-0"]
[WhiteElo "1960"]
[BlackElo "1926"]
[PlyCount "101"]
[EventDate "2021.10.24"]
[EventType "team-tourn"]
[EventRounds "11"]
[EventCountry "BEL"]
[SourceTitle "EXT 2023"]
[Source "ChessBase"]
[SourceDate "2022.10.05"]
[SourceVersion "1"]
[SourceVersionDate "2022.10.05"]
[SourceQuality "1"]
[WhiteTeam "KGSRL"]
[BlackTeam "Brasschaat"]
[WhiteTeamCountry "BEL"]
[BlackTeamCountry "BEL"]

1. d4 Nf6 2. c4 e6 3. g3 d5 4. Nf3 Be7 5. Bg2 0-0 6. 0-0 dxc4 7. Ne5 Nc6 8. Nxc6 bxc6 9. Na3 Bxa3 10. bxa3 Ba6 11. a4 Qe7 12. Qd2 Rab8 13. Qc3 Nd5 14. Qa5 Rb6 15. e4 Qb4 16. Qc5 Qxc5 17. dxc5 Rb4 18. exd5 cxd5 19. Bf4 c6 20. Bf3 Rxa4 21. a3 c3 22. Rfc1 d4 23. Bxc6 Rc4 24. Be4 Rc8 25. Bd3 R8xc5 26. Rab1 g5 27. Bd6 Rd5 28. Rb8+ Kg7 29. Bf8+ Kf6 30. Bxc4 Bxc4 31. Rc8 Be2 32. Bb4 Bf3 33. Ra8 Rd7 34. Rc8 Rd5 35. Bxc3 dxc3 36. R8xc3 Rd1+ 37. Rxd1 Bxd1 38. Rc5 Be2 39. f4 gxf4 40. gxf4 a6 41. Kf2 Bd3 42. Ke3 Bf1 43. a4 Bg2 44. Rh5 Bc6 45. Ra5 Bb7 46. Kd4 Bc8 47. Kc4 Bb7 48. Kd4 Bf3 49. Rxa6 Kf5 50. Ra7 Bh5 51. Ra5+ 1-0

[Event "Flemish-ch"]
[Site "Ghent"]
[Date "2017.05.25"]
[Round "2"]
[White "Cools, Gorik"]
[Black "Adriaens, Peter"]
[Result "1/2-1/2"]
[WhiteElo "2319"]
[BlackElo "1822"]
[PlyCount "94"]
[EventDate "2017.05.25"]
[EventType "swiss"]
[EventRounds "7"]
[EventCountry "BEL"]
[SourceTitle "CBM 178 Extra"]
[Source "ChessBase"]
[SourceDate "2017.06.22"]
[SourceVersion "1"]
[SourceVersionDate "2017.06.22"]
[SourceQuality "1"]

1. e4 c5 2. Nf3 g6 3. Nc3 Bg7 4. a4 Nc6 5. Bb5 Nd4 6. 0-0 e6 7. Re1 Ne7 8. d3 0-0 9. Bc4 d5 10. Ba2 dxe4 11. dxe4 Qb6 12. Nd2 Rd8 13. Ne2 Nec6 14. c3 Nxe2+ 15. Qxe2 Ne5 16. Nc4 Nxc4 17. Bxc4 h6 18. e5 Qc7 19. a5 Bd7 20. Bf4 b6 21. axb6 axb6 22. h4 Bc6 23. Qe3 Qe7 24. g3 Rxa1 25. Rxa1 Ba8 26. f3 Qb7 27. Kf2 b5 28. Bd3 Qxf3+ 29. Qxf3 Bxf3 30. Bxg6 Bd5 31. Bh5 b4 32. Ra7 f6 33. Bf7+ Kh8 34. exf6 Bxf6 35. Bxh6 bxc3 36. bxc3 Bxc3 37. g4 c4 38. Be3 Rf8 39. Ke2 Rb8 40. h5 Rb2+ 41. Kf1 Rb1+ 42. Kf2 Rb2+ 43. Kg3 Be5+ 44. Kh4 Bf6+ 45. g5 Be5 46. g6 Rh2+ 47. Kg4 Rg2+ 1/2-1/2